00552nam a2200169 a 450000100100000000500170001000800410002704000250006808200150009310000410010824500920014926000490024130000210029065000220031170000320033399900170036500003759720240510073817.0111019s1957 do 0 0000 0 spa d aDO-SdBNPbspacBNPHU a100bP769p1 aPolitzer, Georges,d1903-194296018010aPrincipios elementales de filosofía /cGeorges Politzer ;traducción Alfredo Varela. aSanto Domingo :bLibreria Nacional,c[195?]. a246 p. ;c21 cm. 0aFilosofía 98131 aVarela, Alfredoetr.964071 c37087d37087